Peep Show Quiz 4 - Statistics

General Stats
  • This quiz has been taken 364 times
  • The average score is 6 of 15
Answer Stats
Hint Answer % Correct
Who sets fire to the postbox? Jez
83%
Sophie wants mark to get a t-shirt with whose face on it? Chairman Mao
72%
What board game does Jez get Mark to play on the stag? Chess
72%
Empty? Check. Scared? Check. __________ Check. Alone
50%
What song does Jez ‘sing’ to Russel when he learns he is the orgazoid Borneo Function
44%
How many missed called did Mark have? 73
41%
What alter ego does Mark give the lap dancer? Martin
33%
Who is Nancy’s Polish friend at the health club? Eva
31%
What are the 2 jams Penny makes Jez try? (Type consecutively, no commas or and) Blair Resignation Diana Memorial
30%
What food does Mark pile high on his plate to which Sophie asks if he’s not full yet Mash Potato
29%
Who is the author of ‘Churchill’, the book the barista is reading? Roy Jenkins
19%
What are the names of the sisters Mark and Jez hook up with on Mark’s stag? ((Type consecutively, no commas or and) Lucy Aurora
18%
What did the bullies nickname Mark at school? Bacon Shoulders
13%
Every window is also a door, except what type of windows? Lavatory
13%
What does Mark think Jez is stealing? Hotel Napkins
5%
No matching quizzes found
Score Distribution
Percent of People with Each Score
Percentile by Number Answered
Your Score History
You have not taken this quiz